000 00725nmm a2200217Ia 4500
008 251105s9999||||xx |||||||||||||||||und||
020 _a9788498951950
041 _aspa
100 _aPozuelo Yvancos, J. M.
245 0 _aPensamiento y creación literaria de Sabino Ordás :
_b (J. Mª. Merino., J. M. Aparicio, L. Mateo Díez)
264 _a[Madrid, España] :
_bVisor Libros,
_c2018
300 _a340 páginas
490 _aBiblioteca Filológica Hispana
650 _aSpanish literature
700 _aPozuelo Yvancos, J. M.
700 1 _a Pozuelo Yvancos, J. M.
700 1 _a Álvarez Méndez, N.
700 1 _a Álvarez Méndez, N.
856 _uhttps://public.digitaliapublishing.com/a/77303
942 _cCF
999 _c70145
_d70145